000 00778nam a2200241Ia 4500
003 OSt
005 20220925232219.0
006 a|||||r|||| 00| 0
007 ta
008 220923b |||||||| |||| 00| 0 eng d
037 _cGeneral Book
040 _aRTL
_cRTL
_beng
041 _2eng
_aeng
082 _aV2:19.1.N6, K7
100 _aBrecher Michael
_996470
245 0 _aElite images and foreign policy choices
_b Krishna Menon's View of the World
260 _aMontreal
_bMcGill University USA
_c1967
300 _a60-92p.
_ccm.
490 _vV.XL
_aMcGill University, Centre For Developing Area Studies, Publication
650 _aForeign Policy - India
942 _hV2:19.1.N6, K7
_cGB
_2CC
999 _c590686
_d590686